Most Popular A Names - Statistics

General Stats
  • This quiz has been taken 1,183 times
  • The average score is 10 of 20
Answer Stats
# of People Name % Correct
1,137,610 Andrew
75%
446,128 Anna
73%
651,362 Alexander
69%
1,219,800 Anthony
64%
530,750 Adam
60%
557,052 Aaron
58%
644,949 Amy
58%
277,365 Alan
48%
302,660 Allison
48%
385,516 Abigail
47%
849,686 Ashley
47%
298,606 Ava
45%
751,300 Amanda
43%
332,228 Angel
41%
417,826 Andrea
37%
363,650 Amber
32%
615,004 Angela
32%
400,554 Alexis
30%
408,674 Austin
25%
307,455 Alyssa
17%
No matching quizzes found
Score Distribution
Percent of People with Each Score
Percentile by Number Answered
Your Score History
You have not taken this quiz